Physical metallurgy Principles (Record no. 8148)

MARC details
000 -LEADER
fixed length control field 00288nam a2200121Ia 4500
008 - FIXED-LENGTH DATA ELEMENTS--GENERAL INFORMATION
fixed length control field 191201s2011 xx 000 0 und d
100 ## - MAIN ENTRY--PERSONAL NAME
Personal name REEDHILL,Robert E
245 #0 - TITLE STATEMENT
Title Physical metallurgy Principles
250 ## - EDITION STATEMENT
Edition statement Rep
260 ## - PUBLICATION, DISTRIBUTION, ETC. (IMPRINT)
Date of publication, distribution, etc 2011
Name of publisher, distributor, etc EWP
Place of publication, distribution, etc NEW DELHI
300 ## - PHYSICAL DESCRIPTION
Extent 920
942 ## - ADDED ENTRY ELEMENTS (KOHA)
Source of classification or shelving scheme Dewey Decimal Classification
Koha item type Text Books
Holdings
Withdrawn status Lost status Source of classification or shelving scheme Damaged status Not for loan Collection code Home library Current library Date acquired Source of acquisition Cost, normal purchase price Bill Number Total Checkouts Full call number Acc. no. / Barcode Date last seen Actual Cost, discounted price Bill Date Koha item type
    Dewey Decimal Classification     Diploma in Mechanical PIET C-LIBRARY PIET C-LIBRARY 14/02/2015 KIRTI PRAKASHAN, NEW DELHI 495.00 IN2203   669.9 REP DE1253 04/12/2019 341.55 14/02/2015 Text Books
    Dewey Decimal Classification     Diploma in Mechanical PIET C-LIBRARY PIET C-LIBRARY 14/02/2015 KIRTI PRAKASHAN, NEW DELHI 495.00 IN2203   669.9 REP DE1254 23/03/2021 341.55 14/02/2015 Text Books
    Dewey Decimal Classification     Diploma in Mechanical PIET C-LIBRARY PIET C-LIBRARY 14/02/2015 KIRTI PRAKASHAN, NEW DELHI 495.00 IN2203   669.9 REP DE1255 04/12/2019 341.55 14/02/2015 Text Books
    Dewey Decimal Classification     Diploma in Mechanical PIET C-LIBRARY PIET C-LIBRARY 14/02/2015 KIRTI PRAKASHAN, NEW DELHI 495.00 IN2203   669.9 REP DE1256 04/12/2019 341.55 14/02/2015 Text Books

Design & Developed by: PIET Central Library
R70 Miles Stone Pattikalyana Samalkha Panipat 132102
mail ID :- [email protected], Phone No:- 0180-2569700 Ex.216